[Event "Cali Region-ch U16 Girls"]
[Site "Cali"]
[Date "2011.12.04"]
[Round "1.3"]
[White "Zamora, Isabela"]
[Black "Hernandez, Monica Daniela"]
[Result "1-0"]
[WhiteElo "1854"]
[BlackElo "1692"]
[PlyCount "54"]
[EventDate "2011.12.04"]
[EventType "swiss"]
[EventRounds "7"]
[EventCountry "COL"]
[SourceTitle "EXT 2024"]
[Source "ChessBase"]
[SourceDate "2023.10.10"]
[SourceVersion "1"]
[SourceVersionDate "2023.10.10"]
[SourceQuality "1"]

1. e4 e5 2. Nf3 Nc6 3. d4 exd4 4. Bc4 h6 5. 0-0 Bc5 6. c3 dxc3 7. Bxf7+ Kxf7 8. Qd5+ Kf8 9. Qxc5+ Nge7 10. Qxc3 Kg8 11. b3 Kh7 12. Bb2 Rg8 13. Nbd2 d6 14. Rac1 Be6 15. Nc4 a6 16. Rfd1 Qe8 17. Ne3 Rf8 18. Nd5 Qf7 19. Nxe7 Qxe7 20. Nd4 Bd7 21. f3 Qf7 22. Nxc6 Bxc6 23. Qc4 Qe7 24. Qb4 Qg5 25. a4 a5 26. Qd2 Qxd2 27. Rxd2 Kg8 1-0

[Event "Pan American-ch U16 Girls"]
[Site "Cali"]
[Date "2011.07.07"]
[Round "7"]
[White "Versosa Bravo, Karen Vanessa"]
[Black "Zamora, Isabela"]
[Result "1/2-1/2"]
[WhiteElo "1780"]
[BlackElo "1854"]
[PlyCount "38"]
[EventDate "2011.07.03"]
[EventType "swiss"]
[EventRounds "9"]
[EventCountry "COL"]
[SourceTitle "CBM 143 Extra"]
[Source "ChessBase"]
[SourceDate "2011.08.29"]
[SourceVersion "1"]
[SourceVersionDate "2011.08.29"]
[SourceQuality "1"]

1. d4 Nf6 2. Nf3 g6 3. Bf4 Bg7 4. e3 0-0 5. Be2 d6 6. 0-0 Nbd7 7. Nbd2 Nh5 8. Bg5 h6 9. Bh4 g5 10. Bg3 Nxg3 11. hxg3 e5 12. dxe5 Nxe5 13. c3 Be6 14. Nd4 Bd7 15. f4 Nc6 16. Bf3 gxf4 17. Nxc6 Bxc6 18. exf4 Rb8 19. Rb1 Re8 1/2-1/2

[Event "Pan American-ch U16 Girls"]
[Site "Cali"]
[Date "2011.07.06"]
[Round "5"]
[White "Zamora, Isabela"]
[Black "Barbosa, Daniela"]
[Result "1-0"]
[WhiteElo "1854"]
[BlackElo "1877"]
[PlyCount "53"]
[EventDate "2011.07.03"]
[EventType "swiss"]
[EventRounds "9"]
[EventCountry "COL"]
[SourceTitle "CBM 143 Extra"]
[Source "ChessBase"]
[SourceDate "2011.08.29"]
[SourceVersion "1"]
[SourceVersionDate "2011.08.29"]
[SourceQuality "1"]

1. e4 c5 2. Nf3 e6 3. Nc3 g6 4. d4 Nc6 5. Be3 Nf6 6. h3 cxd4 7. Nxd4 Bg7 8. Qd2 Nxd4 9. Bxd4 a6 10. Bc5 Qc7 11. Qd6 Qxd6 12. Bxd6 Kd8 13. 0-0-0 Ne8 14. Bc5 b5 15. g3 Bb7 16. Bg2 Rc8 17. Bb4 Rc4 18. Ba5+ Ke7 19. Rhe1 Nd6 20. Rxd6 Bxc3 21. Bxc3 Rxc3 22. bxc3 Kxd6 23. e5+ Kc7 24. Bxb7 Kxb7 25. Rd1 Kc6 26. Rd6+ Kc7 27. Rxa6 1-0

[Event "Cali Deptal Valle (Women)"]
[Site "Cali"]
[Date "2010.05.16"]
[Round "6"]
[White "Mesa, Brenda Sofia"]
[Black "Zamora, Isabela"]
[Result "1/2-1/2"]
[WhiteElo "1829"]
[BlackElo "1877"]
[PlyCount "58"]
[EventDate "2010.05.14"]
[EventType "swiss"]
[EventRounds "8"]
[EventCountry "COL"]
[SourceTitle "EXT 2024"]
[Source "ChessBase"]
[SourceDate "2023.10.10"]
[SourceVersion "1"]
[SourceVersionDate "2023.10.10"]
[SourceQuality "1"]

1. e4 c5 2. Nf3 d6 3. c3 Nf6 4. Be2 e6 5. 0-0 Be7 6. Re1 0-0 7. Bd3 a6 8. Bc2 b5 9. d4 c4 10. Nbd2 Bb7 11. Nf1 Nbd7 12. Ng3 Re8 13. Bf4 Nf8 14. e5 Nd5 15. exd6 Bxd6 16. Bxd6 Qxd6 17. Ne4 Qc7 18. Nc5 Nd7 19. Nxd7 Qxd7 20. Ne5 Qd6 21. Qh5 g6 22. Qf3 Re7 23. Qd1 Kg7 24. Qd2 h5 25. Qg5 Rg8 26. Bd1 Kh7 27. Bc2 Qd8 28. Qxh5+ Kg7 29. Qg5 Rh8 1/2-1/2

[Event "Cali Deptal Valle (Women)"]
[Site "Cali"]
[Date "2010.05.15"]
[Round "3"]
[White "Zamora, Isabela"]
[Black "Viveros Torres, Erica Johana"]
[Result "1-0"]
[WhiteElo "1877"]
[BlackElo "1468"]
[PlyCount "29"]
[EventDate "2010.05.14"]
[EventType "swiss"]
[EventRounds "8"]
[EventCountry "COL"]
[SourceTitle "EXT 2024"]
[Source "ChessBase"]
[SourceDate "2023.10.10"]
[SourceVersion "1"]
[SourceVersionDate "2023.10.10"]
[SourceQuality "1"]

1. e4 e5 2. Nf3 Nc6 3. d4 Nf6 4. d5 Nd4 5. Nxd4 exd4 6. Qxd4 d6 7. Bd3 g6 8. Bb5+ Bd7 9. Bxd7+ Qxd7 10. Qxf6 Rg8 11. Qh4 h5 12. 0-0 Be7 13. Bg5 Bxg5 14. Qxg5 Rf8 15. Qg3 1-0

[Event "COL-ch School U15 Girls"]
[Site "Neiva"]
[Date "2010.03.20"]
[Round "8.1"]
[White "Zamora, Isabela"]
[Black "Pachon Gutierrez, Adriana Paola"]
[Result "0-1"]
[WhiteElo "1877"]
[BlackElo "1930"]
[PlyCount "100"]
[EventDate "2010.03.17"]
[EventType "swiss"]
[EventRounds "8"]
[EventCountry "COL"]
[SourceTitle "EXT 2024"]
[Source "ChessBase"]
[SourceDate "2023.10.10"]
[SourceVersion "1"]
[SourceVersionDate "2023.10.10"]
[SourceQuality "1"]

1. e4 e5 2. Nf3 Nc6 3. Bc4 Bc5 4. c3 Nf6 5. d3 d6 6. h3 h6 7. Be3 Bb6 8. Na3 Be6 9. Bb3 Bxb3 10. Qxb3 Qd7 11. Nc2 Na5 12. Qa3 c5 13. b4 cxb4 14. cxb4 Bxe3 15. fxe3 Nc6 16. b5 Ne7 17. Qb3 Rc8 18. 0-0 0-0 19. Rac1 Rc5 20. Na3 Ng6 21. Rxc5 dxc5 22. Nc4 Re8 23. a4 Qc7 24. Kh1 Nd7 25. Ng1 Re7 26. Ne2 Nf6 27. a5 Rd7 28. Ng3 Qd8 29. Rd1 Kh7 30. Qc3 Qe8 31. Rd2 Rd8 32. Nf5 Qxb5 33. Ncd6 Qc6 34. Nxf7 Re8 35. N7d6 Re6 36. Rc2 b6 37. axb6 axb6 38. d4 Nxe4 39. d5 Qxd5 40. Nxe4 Qxe4 41. Ng3 Qd5 42. Rd2 Qc6 43. e4 Rd6 44. Re2 Qb5 45. Kh2 Rd3 46. Qc2 Qb3 47. Qxb3 Rxb3 48. Rd2 Nf4 49. Nf5 Nd3 50. Ra2 c4 0-1

[Event "COL-ch School U15 Girls"]
[Site "Neiva"]
[Date "2010.03.18"]
[Round "4.1"]
[White "Zamora, Isabela"]
[Black "Rodriguez Rueda, Paula Andrea"]
[Result "1-0"]
[WhiteElo "1877"]
[BlackElo "2048"]
[PlyCount "75"]
[EventDate "2010.03.17"]
[EventType "swiss"]
[EventRounds "8"]
[EventCountry "COL"]
[SourceTitle "EXT 2024"]
[Source "ChessBase"]
[SourceDate "2023.10.10"]
[SourceVersion "1"]
[SourceVersionDate "2023.10.10"]
[SourceQuality "1"]

1. e4 c5 2. d4 cxd4 3. c3 dxc3 4. Nxc3 Nc6 5. Nf3 d6 6. Bc4 e6 7. 0-0 a6 8. Qe2 b5 9. Bb3 Be7 10. Rd1 Qc7 11. Bf4 Nf6 12. Rac1 0-0 13. Nd5 exd5 14. exd5 Bg4 15. dxc6 Nh5 16. Be3 Nf6 17. h3 Bh5 18. g4 Bg6 19. Nh4 Rfe8 20. Nxg6 hxg6 21. Qd3 d5 22. g5 Nh5 23. Qxd5 Rf8 24. Qe4 Bd6 25. Qxg6 Bh2+ 26. Kg2 Nf4+ 27. Bxf4 Qxf4 28. c7 Rac8 29. Bxf7+ Qxf7 30. Qxf7+ Kxf7 31. Kxh2 Kg6 32. Kg3 Kxg5 33. Rd5+ Kf6 34. Rd6+ Ke7 35. Rxa6 Kd7 36. Rac6 Rf5 37. R6c5 Rf6 38. Rxb5 1-0

[Event "Valle Region-ch U16 Girls"]
[Site "Yumbo"]
[Date "2010.02.28"]
[Round "7.3"]
[White "Viveros, Mariana Yibeth"]
[Black "Zamora, Isabela"]
[Result "0-1"]
[WhiteElo "1381"]
[BlackElo "1877"]
[PlyCount "50"]
[EventDate "2010.02.26"]
[EventType "swiss"]
[EventRounds "7"]
[EventCountry "COL"]
[SourceTitle "EXT 2024"]
[Source "ChessBase"]
[SourceDate "2023.10.10"]
[SourceVersion "1"]
[SourceVersionDate "2023.10.10"]
[SourceQuality "1"]

1. e4 e5 2. Nf3 Nc6 3. Bb5 a6 4. Ba4 b5 5. Bb3 Bc5 6. 0-0 Nf6 7. d3 h6 8. a3 d6 9. h3 g5 10. Be3 Bb6 11. Bxb6 cxb6 12. c4 g4 13. hxg4 Bxg4 14. Nbd2 Nd4 15. cxb5 axb5 16. a4 b4 17. Bc2 Rg8 18. Kh1 Nh7 19. g3 Ng5 20. Kg2 Qf6 21. Kh2 Ngxf3+ 22. Nxf3 Nxf3+ 23. Kh1 Nh4 24. Qd2 Qf3+ 25. Kh2 Qg2# 0-1

[Event "Valle Region-ch U16 Girls"]
[Site "Yumbo"]
[Date "2010.02.26"]
[Round "1.2"]
[White "Zamora, Isabela"]
[Black "Hernandez, Monica Daniela"]
[Result "1-0"]
[WhiteElo "1877"]
[BlackElo "1555"]
[PlyCount "51"]
[EventDate "2010.02.26"]
[EventType "swiss"]
[EventRounds "7"]
[EventCountry "COL"]
[SourceTitle "EXT 2024"]
[Source "ChessBase"]
[SourceDate "2023.10.10"]
[SourceVersion "1"]
[SourceVersionDate "2023.10.10"]
[SourceQuality "1"]

1. e4 d5 2. exd5 Qxd5 3. Nc3 Qa5 4. Bc4 Nf6 5. d3 c6 6. Bf4 e6 7. Nf3 Bb4 8. Bd2 Qc7 9. a3 Bd6 10. 0-0 Nbd7 11. d4 b6 12. Re1 0-0 13. b4 Bb7 14. Bg5 Rfe8 15. Qd2 a6 16. Bb3 c5 17. bxc5 bxc5 18. d5 exd5 19. Nxd5 Nxd5 20. Bxd5 Bxd5 21. Qxd5 Ne5 22. g3 Nxf3+ 23. Qxf3 Rxe1+ 24. Rxe1 Qa5 25. Qxa8+ Bf8 26. Re8 1-0

[Event "Cali op-D"]
[Site "Cali"]
[Date "2008.12.29"]
[Round "8"]
[White "Arboleda, Sary"]
[Black "Zamora, Isabela"]
[Result "0-1"]
[WhiteElo "1400"]
[BlackElo "1887"]
[PlyCount "60"]
[EventDate "2008.12.26"]
[EventType "swiss"]
[EventRounds "9"]
[EventCountry "COL"]
[SourceTitle "EXT 2011"]
[Source "ChessBase"]
[SourceDate "2010.11.26"]
[SourceVersion "1"]
[SourceVersionDate "2010.11.26"]
[SourceQuality "1"]

1. e4 e5 2. Nf3 d6 3. Be2 Be7 4. Nc3 Nf6 5. 0-0 Bg4 6. d3 Nbd7 7. Bg5 h6 8. Bh4 g5 9. h3 Bxf3 10. Bxf3 gxh4 11. a3 Nc5 12. Re1 Qd7 13. Qd2 0-0-0 14. d4 Ne6 15. dxe5 dxe5 16. Qe2 Nf4 17. Red1 Nxe2+ 18. Bxe2 Qe6 19. Nb5 Rxd1+ 20. Rxd1 Kb8 21. b3 Rg8 22. a4 Qxh3 23. Bf1 Qf3 24. Re1 h3 25. g3 Rxg3+ 26. fxg3 Qxg3+ 27. Kh1 Qxe1 28. Kg1 Qg3+ 29. Kh1 Ng4 30. Nc3 Qh2# 0-1

[Event "Cali op-D"]
[Site "Cali"]
[Date "2008.12.29"]
[Round "7"]
[White "Zamora, Isabela"]
[Black "Florez, Luis Angel"]
[Result "0-1"]
[WhiteElo "1887"]
[BlackElo "1483"]
[PlyCount "60"]
[EventDate "2008.12.26"]
[EventType "swiss"]
[EventRounds "9"]
[EventCountry "COL"]
[SourceTitle "EXT 2011"]
[Source "ChessBase"]
[SourceDate "2010.11.26"]
[SourceVersion "1"]
[SourceVersionDate "2010.11.26"]
[SourceQuality "1"]

1. e4 e5 2. Nf3 Nf6 3. Nxe5 d6 4. Nf3 Nxe4 5. d3 Nf6 6. Bg5 Be7 7. Nc3 0-0 8. Be2 Nc6 9. Qd2 a6 10. h3 Re8 11. 0-0-0 b5 12. g4 Bb7 13. Rh2 b4 14. Bxf6 Bxf6 15. Nd5 Ne5 16. Nxf6+ Qxf6 17. Nxe5 Qxe5 18. f4 Qe3 19. Bf1 Qxd2+ 20. Kxd2 Bf3 21. Bg2 Re2+ 22. Kc1 Rxg2 23. Rxg2 Bxg2 24. h4 Bf3 25. Rg1 Re8 26. g5 Re2 27. Rg3 Bc6 28. Kd1 Rh2 29. Re3 Kf8 30. Re4 Bxe4 0-1

[Event "Cali op-D"]
[Site "Cali"]
[Date "2008.12.28"]
[Round "6"]
[White "Parra Meza, Brayan"]
[Black "Zamora, Isabela"]
[Result "1/2-1/2"]
[WhiteElo "1436"]
[BlackElo "1887"]
[PlyCount "78"]
[EventDate "2008.12.26"]
[EventType "swiss"]
[EventRounds "9"]
[EventCountry "COL"]
[SourceTitle "EXT 2011"]
[Source "ChessBase"]
[SourceDate "2010.11.26"]
[SourceVersion "1"]
[SourceVersionDate "2010.11.26"]
[SourceQuality "1"]

1. e4 e5 2. Nf3 d6 3. Bc4 c6 4. Nc3 Be7 5. d3 Nf6 6. h3 0-0 7. 0-0 b5 8. Bb3 Nbd7 9. Bg5 Nc5 10. Re1 a5 11. a4 b4 12. Na2 Nxb3 13. cxb3 Bb7 14. Qc2 h6 15. Bh4 Nd7 16. Bxe7 Qxe7 17. d4 f6 18. dxe5 fxe5 19. Qc4+ Qf7 20. Qxf7+ Rxf7 21. Rad1 c5 22. Re3 Ba6 23. Nd2 Rd8 24. Nc4 Bxc4 25. bxc4 Nf8 26. Nc1 Ne6 27. Nb3 Ra7 28. g3 Kf8 29. Kg2 Ke7 30. Rde1 Rf8 31. h4 h5 32. Rf3 Rxf3 33. Kxf3 g6 34. Kg2 Kf6 35. Re3 Ke7 36. Rd3 Nf8 37. Nd2 Nd7 38. b3 Nf6 39. f4 Ng4 1/2-1/2

[Event "Cali op-D"]
[Site "Cali"]
[Date "2008.12.28"]
[Round "5"]
[White "Zamora, Isabela"]
[Black "Dominguez, Laura Lucia"]
[Result "1-0"]
[WhiteElo "1887"]
[BlackElo "1400"]
[PlyCount "65"]
[EventDate "2008.12.26"]
[EventType "swiss"]
[EventRounds "9"]
[EventCountry "COL"]
[SourceTitle "EXT 2011"]
[Source "ChessBase"]
[SourceDate "2010.11.26"]
[SourceVersion "1"]
[SourceVersionDate "2010.11.26"]
[SourceQuality "1"]

1. e4 e5 2. Nf3 Nc6 3. d4 d6 4. dxe5 dxe5 5. Qxd8+ Nxd8 6. Nxe5 Nf6 7. f3 Bd6 8. Nc4 Bc5 9. Be3 Bxe3 10. Nxe3 Be6 11. Nc3 Nc6 12. Bb5 Bd7 13. Ncd5 Nxd5 14. Nxd5 0-0 15. Nxc7 Rac8 16. Nd5 a6 17. Bxc6 Rxc6 18. Ne7+ Kh8 19. Nxc6 bxc6 20. 0-0-0 Be6 21. b3 Rb8 22. Rd6 Rc8 23. Rhd1 g6 24. Rd8+ Rxd8 25. Rxd8+ Kg7 26. Ra8 c5 27. Rxa6 c4 28. b4 c3 29. Rxe6 fxe6 30. b5 Kf7 31. b6 e5 32. b7 Kg7 33. b8Q 1-0

[Event "Cali op-D"]
[Site "Cali"]
[Date "2008.12.26"]
[Round "2"]
[White "Valencia, Julian David"]
[Black "Zamora, Isabela"]
[Result "1-0"]
[WhiteElo "1535"]
[BlackElo "1887"]
[PlyCount "83"]
[EventDate "2008.12.26"]
[EventType "swiss"]
[EventRounds "9"]
[EventCountry "COL"]
[SourceTitle "EXT 2011"]
[Source "ChessBase"]
[SourceDate "2010.11.26"]
[SourceVersion "1"]
[SourceVersionDate "2010.11.26"]
[SourceQuality "1"]

1. d4 d5 2. Nf3 e6 3. c4 c6 4. Nc3 f5 5. e3 Nf6 6. b3 Bd6 7. Bd3 0-0 8. Bb2 Bd7 9. 0-0 Be8 10. c5 Bc7 11. Ng5 Bf7 12. Qc2 Ne4 13. Nxf7 Rxf7 14. f3 Nxc3 15. Bxc3 Qh4 16. f4 Nd7 17. Rf3 Qe7 18. Raf1 Nf6 19. Be1 Ne4 20. Bxe4 fxe4 21. Rh3 b6 22. b4 b5 23. a4 a6 24. a5 Rf5 25. g4 Rf7 26. Kh1 e5 27. dxe5 Bxe5 28. Rh5 Bc7 29. Bc3 Bd8 30. Rg1 Qd7 31. Rg3 Bf6 32. Rgh3 h6 33. g5 Bxc3 34. gxh6 g6 35. h7+ Kh8 36. Qxc3+ Rg7 37. Rh6 Qg4 38. Rg3 Qd1+ 39. Kg2 Qe2+ 40. Kh3 Qd3 41. Qf6 Rc8 42. Rhxg6 1-0

[Event "COL-ch U14 Girls"]
[Site "Medellin"]
[Date "2008.04.27"]
[Round "6.7"]
[White "Zamora, Isabela"]
[Black "Cadavid Franco, Mariana"]
[Result "1/2-1/2"]
[WhiteElo "1906"]
[BlackElo "2024"]
[PlyCount "73"]
[EventDate "2008.04.24"]
[EventType "swiss"]
[EventRounds "7"]
[EventCountry "COL"]
[SourceTitle "EXT 2024"]
[Source "ChessBase"]
[SourceDate "2023.10.10"]
[SourceVersion "1"]
[SourceVersionDate "2023.10.10"]
[SourceQuality "1"]

1. e4 e5 2. d4 exd4 3. Qxd4 Nc6 4. Qe3 Nf6 5. Nc3 Be7 6. f3 0-0 7. Bd2 d6 8. 0-0-0 Re8 9. Bd3 Bf8 10. Qf2 d5 11. exd5 Nxd5 12. Nxd5 Qxd5 13. Kb1 Be6 14. b3 Qe5 15. Qe2 Qxe2 16. Nxe2 Rad8 17. Bf4 Bd6 18. Bxd6 Rxd6 19. Bb5 Red8 20. Rxd6 Rxd6 21. Bxc6 Rxc6 22. Rd1 Rd6 23. Rxd6 cxd6 24. Nd4 d5 25. Kb2 Kf8 26. Kc3 Ke7 27. Nxe6 fxe6 28. Kd4 Kd6 29. a4 e5+ 30. Ke3 Kc5 31. c3 a5 32. g3 h5 33. h4 g6 34. g4 b6 35. g5 b5 36. axb5 Kxb5 37. Kd3 1/2-1/2

[Event "Cali TAEI op 3rd"]
[Site "Cali"]
[Date "2007.05.18"]
[Round "?"]
[White "Zamora, Isabela"]
[Black "Guelgua, Alvaro"]
[Result "0-1"]
[WhiteElo "1906"]
[BlackElo "1965"]
[PlyCount "72"]
[EventDate "2007.05.18"]
[EventType "swiss"]
[EventRounds "13"]
[EventCountry "COL"]
[SourceTitle "EXT 2024"]
[Source "ChessBase"]
[SourceDate "2023.10.10"]
[SourceVersion "1"]
[SourceVersionDate "2023.10.10"]
[SourceQuality "1"]

1. e4 e5 2. Nf3 Nc6 3. d4 exd4 4. Bc4 Nf6 5. e5 d5 6. Bb5 Ne4 7. Bxc6+ bxc6 8. Nxd4 Bc5 9. 0-0 Qh4 10. Be3 Ba6 11. Re1 0-0 12. Nd2 Bxd4 13. Bxd4 f5 14. f3 Ng5 15. Nb3 f4 16. Nc5 Bc8 17. c3 Qh6 18. Qd2 Rf5 19. Re2 Rb8 20. b4 Qg6 21. Rf1 h5 22. a3 h4 23. Qc2 h3 24. c4 Be6 25. cxd5 Bxd5 26. Qd3 Rd8 27. Kh1 Qh7 28. Ref2 hxg2+ 29. Rxg2 Nxf3 30. Rxf3 Bxf3 31. Qxf3 Rxd4 32. Qxc6 Rd1+ 33. Rg1 Rxg1+ 34. Kxg1 Rg5+ 35. Kf2 Qxh2+ 36. Ke1 Rg1# 0-1